[Event "Oberliga Sued W 2122"]
[Site "Germany"]
[Date "2022.06.12"]
[Round "4.2"]
[White "Heidorn, Oliver"]
[Black "Silber, Henning"]
[Result "0-1"]
[WhiteElo "2115"]
[BlackElo "2284"]
[PlyCount "44"]
[EventDate "2021.10.24"]
[EventType "team-tourn"]
[EventRounds "9"]
[EventCountry "GER"]
[SourceTitle "EXT 2023"]
[Source "ChessBase"]
[SourceDate "2022.10.05"]
[SourceVersion "1"]
[SourceVersionDate "2022.10.05"]
[SourceQuality "1"]
[WhiteTeam "Altenkirchen"]
[BlackTeam "Landau"]
[WhiteTeamCountry "GER"]
[BlackTeamCountry "GER"]

1. d4 d5 2. c4 e6 3. cxd5 exd5 4. Nc3 c5 5. dxc5 d4 6. Ne4 Nc6 7. e3 Bf5 8. Qf3 Nh6 9. Bd2 Be7 10. Nd6+ Bxd6 11. cxd6 0-0 12. Bb5 dxe3 13. fxe3 Qxd6 14. Bxc6 bxc6 15. Qf4 Qxf4 16. exf4 Rfe8+ 17. Kf2 Ng4+ 18. Kg3 Nf6 19. Ba5 Rab8 20. b3 Rb5 21. Bc7 Rd5 22. h3 Ne4+ 0-1

[Event "Oberliga Sued W 1920"]
[Site "Germany"]
[Date "2021.07.11"]
[Round "8.3"]
[White "Faldum, Manfred"]
[Black "Silber, Henning"]
[Result "1/2-1/2"]
[WhiteElo "2044"]
[BlackElo "2296"]
[PlyCount "54"]
[EventDate "2019.09.29"]
[EventType "team-tourn"]
[EventRounds "9"]
[EventCountry "GER"]
[SourceTitle "EXT 2023"]
[Source "ChessBase"]
[SourceDate "2022.10.05"]
[SourceVersion "1"]
[SourceVersionDate "2022.10.05"]
[SourceQuality "1"]
[WhiteTeam "Heidesheim"]
[BlackTeam "Landau"]
[WhiteTeamCountry "GER"]
[BlackTeamCountry "GER"]

1. Nf3 d5 2. g3 e6 3. Bg2 c5 4. 0-0 Nc6 5. d3 Nf6 6. Re1 Be7 7. Nbd2 b6 8. e4 Bb7 9. c3 Qc7 10. exd5 Nxd5 11. Ne4 0-0 12. d4 cxd4 13. Nxd4 Nxd4 14. Qxd4 Rfd8 15. Qa4 Nf6 16. Bf4 Qd7 17. Nxf6+ Bxf6 18. Qxd7 Rxd7 19. Rad1 Rad8 20. Rxd7 Rxd7 21. Bxb7 Rxb7 22. Rd1 Kf8 23. h4 h5 24. Kg2 Ke8 25. Kf3 Rd7 26. Rxd7 Kxd7 27. Ke4 g6 1/2-1/2

[Event "Oberliga Sued W 1920"]
[Site "Germany"]
[Date "2019.10.20"]
[Round "2.4"]
[White "Silber, Henning"]
[Black "Schulz, Klaus Juergen"]
[Result "1/2-1/2"]
[WhiteElo "2298"]
[BlackElo "2325"]
[PlyCount "53"]
[EventDate "2019.09.29"]
[EventType "team-tourn"]
[EventRounds "9"]
[EventCountry "GER"]
[SourceTitle "EXT 2021"]
[Source "ChessBase"]
[SourceDate "2020.10.23"]
[SourceVersion "1"]
[SourceVersionDate "2020.10.23"]
[SourceQuality "1"]

1. e4 c5 2. c3 d5 3. exd5 Qxd5 4. d4 e6 5. Nf3 Nf6 6. Be3 cxd4 7. cxd4 Nc6 8. Nc3 Qd6 9. a3 Be7 10. Bd3 0-0 11. Qe2 b6 12. 0-0 Bb7 13. Rad1 g6 14. Rfe1 Rfe8 15. Ba6 Qc7 16. Bg5 Bxa6 17. Qxa6 Qc8 18. Qe2 Nd5 19. Nxd5 exd5 20. Bxe7 Rxe7 21. Qb5 Rxe1+ 22. Rxe1 Qd7 23. h4 Rc8 24. Rc1 Rc7 25. Rc3 Ne5 26. Qxd7 Nxf3+ 27. Rxf3 1/2-1/2

[Event "Oberliga Sued W 1718"]
[Site "Germany"]
[Date "2017.10.08"]
[Round "2.3"]
[White "Silber, Henning"]
[Black "Dany, Alexander"]
[Result "1-0"]
[WhiteElo "2301"]
[BlackElo "2114"]
[PlyCount "41"]
[EventDate "2017.09.10"]
[EventType "team-tourn"]
[EventRounds "11"]
[EventCountry "GER"]
[SourceTitle "EXT 2019"]
[Source "ChessBase"]
[SourceDate "2018.10.10"]
[SourceVersion "1"]
[SourceVersionDate "2018.10.10"]
[SourceQuality "1"]
[WhiteTeam "Landau"]
[BlackTeam "Trier"]
[WhiteTeamCountry "GER"]
[BlackTeamCountry "GER"]

1. e4 c5 2. c3 Nf6 3. e5 Nd5 4. Nf3 e6 5. d4 cxd4 6. Bc4 d6 7. cxd4 Nc6 8. exd6 Bxd6 9. 0-0 0-0 10. Nc3 Nxc3 11. bxc3 b6 12. Qd3 Ne7 13. Ng5 Ng6 14. h4 Be7 15. Nxh7 Kxh7 16. h5 f5 17. hxg6+ Kxg6 18. Bf4 Kh7 19. Rfe1 Bd6 20. Qh3+ Kg8 21. Rxe6 1-0

[Event "Oberliga Sued W 1617"]
[Site "Germany"]
[Date "2017.02.19"]
[Round "7.1"]
[White "Silber, Henning"]
[Black "Becker, Thomas"]
[Result "0-1"]
[WhiteElo "2313"]
[BlackElo "2161"]
[PlyCount "70"]
[EventDate "2016.09.25"]
[EventType "team-tourn"]
[EventRounds "9"]
[EventCountry "GER"]
[SourceTitle "EXT 2018"]
[Source "ChessBase"]
[SourceDate "2017.10.13"]
[SourceVersion "1"]
[SourceVersionDate "2017.10.13"]
[SourceQuality "1"]
[WhiteTeam "Landau"]
[BlackTeam "Winterbach Turm"]
[WhiteTeamCountry "GER"]
[BlackTeamCountry "GER"]

1. e4 e5 2. Nf3 d6 3. d4 exd4 4. Nxd4 Nf6 5. Nc3 Be7 6. g3 0-0 7. Bg2 a5 8. 0-0 Na6 9. b3 Nc5 10. a4 c6 11. Bb2 Re8 12. Qd2 Bf8 13. Rfe1 Bd7 14. h3 Qb6 15. Rad1 Rad8 16. Kh2 Bc8 17. Qf4 Nh5 18. Qf3 Nf6 19. Nf5 Bxf5 20. Qxf5 Re5 21. Qf4 Rde8 22. f3 d5 23. Ne2 R5e6 24. Nd4 Bd6 25. Qh4 Nfxe4 26. fxe4 Rh6 27. Qg4 Rg6 28. Qf3 Rxg3 29. Qxg3 Bxg3+ 30. Kxg3 Nxe4+ 31. Bxe4 dxe4 32. Nf5 Re6 33. Ne3 Qc7+ 34. Kf2 Qf4+ 35. Ke2 Qh2+ 0-1

[Event "BL2-Sued 1516"]
[Site "Germany"]
[Date "2016.04.24"]
[Round "2.2"]
[White "Maze, Sebastien"]
[Black "Silber, Henning"]
[Result "1-0"]
[WhiteElo "2582"]
[BlackElo "2304"]
[PlyCount "157"]
[EventDate "2015.09.20"]
[EventType "team-tourn"]
[EventRounds "9"]
[EventCountry "GER"]
[SourceTitle "EXT 2017"]
[Source "ChessBase"]
[SourceDate "2016.10.25"]
[SourceVersion "1"]
[SourceVersionDate "2016.10.25"]
[SourceQuality "1"]
[WhiteTeam "Viernheim"]
[BlackTeam "Landau"]
[WhiteTeamCountry "GER"]
[BlackTeamCountry "GER"]

1. Nf3 d5 2. g3 Nf6 3. Bg2 e6 4. c4 Be7 5. 0-0 0-0 6. b3 c5 7. cxd5 exd5 8. d4 Nc6 9. Bb2 Ne4 10. dxc5 Bxc5 11. e3 Bg4 12. h3 Be6 13. Nc3 h6 14. Rc1 Be7 15. Ne2 Qa5 16. a3 Rac8 17. b4 Qa6 18. Nf4 Bf6 19. Qb3 Qb6 20. Bxf6 Nxf6 21. Qd3 Ne7 22. Nd4 Rxc1 23. Rxc1 Rc8 24. Rxc8+ Bxc8 25. Qc2 Bd7 26. g4 Qd6 27. Nd3 Ne8 28. Nc5 b6 29. Na4 Nc7 30. Nc3 Ne6 31. Qd3 Nc7 32. Qd1 Be8 33. Nde2 Qc6 34. Qd2 Qc4 35. Nd4 Ne6 36. Nf5 Nxf5 37. gxf5 d4 38. Nd5 Ng5 39. Qxd4 Qxd4 40. exd4 Kf8 41. Nc3 Ke7 42. Kh2 f6 43. Nd5+ Kd7 44. Nf4 Nf7 45. Be4 Nd6 46. Bd3 Bf7 47. Kg3 Bc4 48. Be2 Ke7 49. a4 a5 50. bxa5 bxa5 51. Bf3 Bf7 52. Be2 Nc8 53. Bd1 Nb6 54. Ne2 Be8 55. Nc3 Bd7 56. Bc2 Bc6 57. Bb3 Kd6 58. Kf4 Bb7 59. f3 Ke7 60. d5 Nd7 61. Ke3 Nc5 62. Bc4 Bc8 63. Kd4 Nd7 64. Bd3 Ne5 65. Be4 Nf7 66. Kc5 Nd6 67. Kc6 Nxf5 68. Kc7 Nd6 69. Nb5 Nxe4 70. Kxc8 Nd6+ 71. Kc7 Ne8+ 72. Kc6 f5 73. d6+ Nxd6 74. Nxd6 Ke6 75. Nc4 g5 76. Nxa5 h5 77. Nc4 h4 78. a5 g4 79. Ne3 1-0

[Event "Oberliga Nord W 1415"]
[Site "Germany"]
[Date "2015.02.22"]
[Round "7.2"]
[White "Kollen, Zyon"]
[Black "Silber, Henning"]
[Result "0-1"]
[WhiteElo "2212"]
[BlackElo "2267"]
[PlyCount "182"]
[EventDate "2014.09.22"]
[EventType "team-tourn"]
[EventRounds "9"]
[EventCountry "GER"]
[SourceTitle "EXT 2016"]
[Source "ChessBase"]
[SourceDate "2015.10.08"]
[SourceVersion "1"]
[SourceVersionDate "2015.10.08"]
[SourceQuality "1"]
[WhiteTeam "Nordhorn Blanke"]
[BlackTeam "Goettingen Tempo"]
[WhiteTeamCountry "GER"]
[BlackTeamCountry "GER"]

1. e4 e5 2. Nf3 Nc6 3. Bb5 a6 4. Ba4 g6 5. 0-0 Bg7 6. c3 d6 7. d4 Bd7 8. Re1 Qe7 9. Bg5 Nf6 10. d5 Nb8 11. Bxd7+ Nbxd7 12. c4 h6 13. Bxf6 Nxf6 14. Nc3 0-0 15. b4 Nh5 16. g3 Qd7 17. Nh4 Bf6 18. Nf5 Kh7 19. Qg4 Rad8 20. Ne3 Qxg4 21. Nxg4 Bg5 22. Re2 f5 23. Ne3 Bxe3 24. Rxe3 Rf7 25. Kg2 Rdf8 26. f3 Nf6 27. Rf1 Nd7 28. Nb1 fxe4 29. Rxe4 Nf6 30. Re3 b5 31. Rd1 bxc4 32. Rc3 c6 33. dxc6 d5 34. Ra3 d4 35. Rxa6 Nd5 36. Rc1 Nxb4 37. Ra4 Nd3 38. Rcxc4 Nb2 39. Nd2 Rc7 40. Ra6 Nxc4 41. Nxc4 Re8 42. Rb6 Re6 43. Na5 e4 44. fxe4 Rxe4 45. Rb7 Rxb7 46. cxb7 Re8 47. Kf3 d3 48. Nc4 d2 49. Nxd2 Rb8 50. Ke4 Rxb7 51. Nc4 Kg7 52. Kd4 Ra7 53. a3 Kf6 54. Kd5 Kg5 55. h3 Kf5 56. Nd6+ Kf6 57. Nc4 Ra8 58. Kd4 Kf5 59. Nd6+ Kg5 60. Ne4+ Kf5 61. Nd6+ Ke6 62. Nc4 Ra7 63. h4 h5 64. Ke4 Ra4 65. Kd3 Ra8 66. Ke4 Ra6 67. Kd4 Kf5 68. Ne3+ Kf6 69. Nc4 g5 70. hxg5+ Kxg5 71. Ne3 Rxa3 72. Ke4 Ra4+ 73. Kf3 Ra3 74. Ke4 Rb3 75. Kf3 Kf6 76. Ke4 Rb4+ 77. Kf3 Ke5 78. Kg2 Ke4 79. Nf1 Rb2+ 80. Kh3 Rf2 81. Nh2 Kf5 82. g4+ hxg4+ 83. Kg3 Ra2 84. Nf1 Ra3+ 85. Kg2 Kf4 86. Nh2 Ra2+ 87. Kg1 Rxh2 88. Kxh2 Kf3 89. Kg1 Kg3 90. Kh1 Kf2 91. Kh2 g3+ 0-1

[Event "GER CupT V8"]
[Site "Ilmenau"]
[Date "2015.01.11"]
[Round "2.1"]
[White "Silber, Henning"]
[Black "Spiess, Gunter"]
[Result "1/2-1/2"]
[WhiteElo "2267"]
[BlackElo "2428"]
[PlyCount "92"]
[EventDate "2015.01.10"]
[EventType "team-k.o."]
[EventRounds "2"]
[EventCountry "GER"]
[SourceTitle "EXT 2019"]
[Source "ChessBase"]
[SourceDate "2018.10.10"]
[SourceVersion "1"]
[SourceVersionDate "2018.10.10"]
[SourceQuality "1"]
[WhiteTeam "Goettingen Tempo"]
[BlackTeam "Aue Nickelhuette"]
[WhiteTeamCountry "GER"]
[BlackTeamCountry "GER"]

1. e4 e6 2. d4 d5 3. Nd2 c5 4. exd5 Qxd5 5. Ngf3 cxd4 6. Bc4 Qd6 7. 0-0 Nf6 8. Nb3 Nc6 9. Nbxd4 Nxd4 10. Qxd4 Qxd4 11. Nxd4 Bd7 12. c3 Bc5 13. Rd1 0-0 14. Bg5 Rfd8 15. Be2 Ba4 16. b3 Bxd4 17. Rxd4 Rxd4 18. cxd4 Bc6 19. Bxf6 gxf6 20. f3 Bd5 21. Rc1 a5 22. Bb5 f5 23. Kf2 a4 24. bxa4 Bxa2 25. Ke3 Kg7 26. g3 Kf6 27. Rc7 Bd5 28. Rc3 Ke7 29. Rc7+ Kf6 30. Rc3 h5 31. Kf4 Rd8 32. h4 Ra8 33. Ke3 Rg8 34. Kf2 Ra8 35. f4 Be4 36. Ke3 Rg8 37. Kd2 Rd8 38. Ke3 Rg8 39. Ke2 Rd8 40. Rc4 Bd5 41. Rc1 Be4 42. Ke3 Rg8 43. Kf2 Rd8 44. Ke3 Rg8 45. Kf2 Rd8 46. Ke3 Rg8 1/2-1/2

[Event "FIN-chT 1112"]
[Site "Finland"]
[Date "2011.11.19"]
[Round "5.2"]
[White "Silber, Henning"]
[Black "Seeman, Tarvo"]
[Result "1/2-1/2"]
[WhiteElo "2274"]
[BlackElo "2405"]
[PlyCount "120"]
[EventDate "2011.09.17"]
[EventType "team-tourn"]
[EventRounds "11"]
[EventCountry "FIN"]
[SourceTitle "EXT 2013"]
[Source "ChessBase"]
[SourceDate "2012.11.22"]
[SourceVersion "1"]
[SourceVersionDate "2012.11.22"]
[SourceQuality "1"]
[WhiteTeam "Turku"]
[BlackTeam "Helsinki Aatos"]
[WhiteTeamCountry "FIN"]
[BlackTeamCountry "FIN"]

1. e4 g6 2. d4 Bg7 3. Nc3 c6 4. Bc4 d5 5. exd5 b5 6. Bb3 b4 7. Nce2 cxd5 8. Nf3 Nf6 9. Bd2 0-0 10. 0-0 Ne4 11. a3 bxa3 12. Rxa3 Nc6 13. h3 a5 14. Bf4 Ba6 15. Re1 e6 16. c3 Nd6 17. Ba4 Bb5 18. Qa1 Bxa4 19. Rxa4 Nc4 20. Nc1 Nb6 21. Ra2 a4 22. Nd3 Na5 23. Qd1 Qd7 24. Nc5 Qc6 25. Nd2 Nac4 26. Nxc4 Nxc4 27. Nd3 Qb5 28. Qe2 a3 29. bxa3 Rxa3 30. Rxa3 Nxa3 31. Bd6 Ra8 32. Ra1 Bf8 33. Bxf8 Kxf8 34. Qe5 Kg8 35. Qd6 Qxd3 36. Rxa3 Rxa3 37. Qxa3 Qd1+ 38. Kh2 Qd2 39. f3 h5 40. Qb4 Kg7 41. Qc5 Qf4+ 42. Kh1 g5 43. Qa3 Qd2 44. Qc5 Kg6 45. Qc7 Qc1+ 46. Kh2 Qf4+ 47. Qxf4 gxf4 48. g4 fxg3+ 49. Kxg3 Kf5 50. Kh4 f6 51. Kg3 h4+ 52. Kxh4 Kf4 53. Kh5 e5 54. h4 e4 55. fxe4 dxe4 56. d5 e3 57. d6 e2 58. d7 e1Q 59. d8Q Qxc3 60. Kg6 Kg4 1/2-1/2

[Event "Oberliga Nord W 1011"]
[Site "Germany"]
[Date "2010.10.24"]
[Round "2.3"]
[White "Viet, Arend"]
[Black "Silber, Henning"]
[Result "0-1"]
[WhiteElo "2231"]
[BlackElo "2321"]
[PlyCount "72"]
[EventDate "2010.10.10"]
[EventType "team-tourn"]
[EventRounds "9"]
[EventCountry "GER"]
[SourceTitle "EXT 2012"]
[Source "ChessBase"]
[SourceDate "2011.11.24"]
[SourceVersion "1"]
[SourceVersionDate "2011.11.24"]
[SourceQuality "1"]
[WhiteTeam "Bremer SG"]
[BlackTeam "Goettingen Tempo"]
[WhiteTeamCountry "GER"]
[BlackTeamCountry "GER"]

1. e4 e5 2. Nf3 Nc6 3. Bc4 Nf6 4. d4 exd4 5. e5 Ng4 6. Bf4 d6 7. Bb5 dxe5 8. Nxe5 Ngxe5 9. Bxe5 Bd7 10. Bxc6 Bxc6 11. Qxd4 Qxd4 12. Bxd4 0-0-0 13. c3 Bxg2 14. Rg1 Bd5 15. Nd2 c5 16. Be3 g6 17. c4 Bc6 18. 0-0-0 Be7 19. b4 cxb4 20. Bxa7 Rd3 21. Nb3 Rc3+ 22. Kb2 Rxc4 23. Na5 Re4 24. Nxc6 bxc6 25. Rge1 Rxe1 26. Rxe1 Kd7 27. Rd1+ Kc7 28. Bd4 Rd8 29. Be5+ Bd6 30. Bf6 Re8 31. Kb3 c5 32. Bg5 Kc6 33. Be3 Re4 34. h3 Rh4 35. Rh1 Bf4 36. Re1 Rxh3 0-1

[Event "FIN-chT 0910"]
[Site "Finland"]
[Date "2010.03.21"]
[Round "9.3"]
[White "Silber, Henning"]
[Black "Seeman, Tarvo"]
[Result "1-0"]
[WhiteElo "2305"]
[BlackElo "2421"]
[PlyCount "133"]
[EventDate "2009.09.19"]
[EventType "team-tourn"]
[EventRounds "9"]
[EventCountry "FIN"]
[SourceTitle "EXT 2022"]
[Source "ChessBase"]
[SourceDate "2021.10.06"]
[SourceVersion "1"]
[SourceVersionDate "2021.10.06"]
[SourceQuality "1"]
[WhiteTeam "Turku TS"]
[BlackTeam "Helsinki Aatos"]
[WhiteTeamCountry "FIN"]
[BlackTeamCountry "FIN"]

1. e4 c5 2. c3 g6 3. d4 cxd4 4. cxd4 d5 5. exd5 Nf6 6. Nc3 Bg7 7. Bb5+ Bd7 8. Bc4 0-0 9. Nf3 Bg4 10. h3 Bxf3 11. Qxf3 Ne8 12. Be3 Nd6 13. Bb3 Nd7 14. 0-0 Rc8 15. Rad1 Nb6 16. Ne4 Nbc4 17. Nxd6 Nxd6 18. Rfe1 Qd7 19. Bf4 a5 20. a4 Rfe8 21. Be5 b5 22. axb5 Qxb5 23. Ra1 Qb4 24. Ba4 Red8 25. Qa3 Rb8 26. Bc6 Qxb2 27. Qxa5 Bf6 28. Rab1 Qxb1 29. Qxd8+ Rxd8 30. Rxb1 h5 31. g4 hxg4 32. hxg4 g5 33. Kg2 Kg7 34. f3 Nc4 35. Re1 Nd6 36. Rb1 Nc4 37. Re1 Kg6 38. Kg3 Nb2 39. Re3 Nc4 40. Re2 Rh8 41. Re1 Rd8 42. Re2 Rc8 43. Bd7 Ra8 44. Bb5 Nd6 45. Bd3+ Kg7 46. Rh2 Ra3 47. Bf5 Nc4 48. Rh7+ Kg8 49. Bxf6 exf6 50. Rh1 Nd6 51. Rc1 Ra4 52. Rc6 Nxf5+ 53. gxf5 Rxd4 54. Rxf6 Rxd5 55. Kg4 Kg7 56. Kxg5 Rd3 57. Rb6 Rxf3 58. f6+ Kh7 59. Rb7 Rg3+ 60. Kf4 Ra3 61. Rxf7+ Kg6 62. Rf8 Ra5 63. Ke4 Rf5 64. Rg8+ Kf7 65. Kxf5 Kxg8 66. Ke6 Kf8 67. f7 1-0

[Event "FIN-chT 0910"]
[Site "Finland"]
[Date "2009.11.14"]
[Round "4.2"]
[White "Silber, Henning"]
[Black "Volodin, Aleksandr"]
[Result "1/2-1/2"]
[WhiteElo "2305"]
[BlackElo "2429"]
[PlyCount "97"]
[EventDate "2009.09.19"]
[EventType "team-tourn"]
[EventRounds "9"]
[EventCountry "FIN"]
[SourceTitle "EXT 2022"]
[Source "ChessBase"]
[SourceDate "2021.10.06"]
[SourceVersion "1"]
[SourceVersionDate "2021.10.06"]
[SourceQuality "1"]
[WhiteTeam "Turku TS"]
[BlackTeam "Tampere Tammer"]
[WhiteTeamCountry "FIN"]
[BlackTeamCountry "FIN"]

1. e4 c5 2. c3 d5 3. exd5 Qxd5 4. d4 Nf6 5. Nf3 Bg4 6. dxc5 Qxc5 7. Na3 a6 8. Be3 Qc7 9. h3 Bxf3 10. Qxf3 Nbd7 11. Be2 e6 12. Nc4 Bc5 13. 0-0 0-0 14. Rfd1 Nd5 15. Bxc5 Qxc5 16. Rd4 b5 17. Ne3 Ne5 18. Qg3 Nf6 19. Rad1 Rac8 20. Ng4 Nfxg4 21. Bxg4 h6 22. Rd6 a5 23. a3 g5 24. Kh1 Ng6 25. Qe3 Qxe3 26. fxe3 Rb8 27. Ra6 b4 28. cxb4 axb4 29. a4 Rfc8 30. a5 Ne5 31. Bf3 Rb5 32. Ra1 Kg7 33. b3 Nxf3 34. gxf3 Rc3 35. Rb6 Rxb6 36. axb6 Rc6 37. Ra6 Rc8 38. Ra4 Rb8 39. Rxb4 Kf6 40. b7 Ke5 41. Kg2 Kd5 42. Rd4+ Kc6 43. Rc4+ Kd6 44. Rd4+ Kc6 45. Rc4+ Kd6 46. Rb4 Kc5 47. Rc4+ Kd6 48. Rd4+ Kc6 49. Rc4+ 1/2-1/2

[Event "FIN-chT 0910"]
[Site "Finland"]
[Date "2009.09.20"]
[Round "2.2"]
[White "Ivanov, Sergei S"]
[Black "Silber, Henning"]
[Result "1/2-1/2"]
[WhiteElo "2356"]
[BlackElo "2305"]
[PlyCount "92"]
[EventDate "2009.09.19"]
[EventType "team-tourn"]
[EventRounds "9"]
[EventCountry "FIN"]
[SourceTitle "EXT 2022"]
[Source "ChessBase"]
[SourceDate "2021.10.06"]
[SourceVersion "1"]
[SourceVersionDate "2021.10.06"]
[SourceQuality "1"]
[WhiteTeam "Helsinki Garde"]
[BlackTeam "Turku TS"]
[WhiteTeamCountry "FIN"]
[BlackTeamCountry "FIN"]

1. c4 e6 2. Nf3 d5 3. b3 Nf6 4. Bb2 Be7 5. e3 0-0 6. Qc2 c5 7. Be2 Nc6 8. a3 dxc4 9. Bxc4 b6 10. 0-0 Bb7 11. Be2 Rc8 12. d3 Nd5 13. Nbd2 Bf6 14. Nc4 Qe7 15. Nce5 Nxe5 16. Bxe5 Bxe5 17. Nxe5 Qg5 18. Nf3 Qf6 19. Rac1 Rfd8 20. Qd2 h5 21. Rc2 Ne7 22. Rd1 Ng6 23. Qc3 Qxc3 24. Rxc3 Ne7 25. Ne5 g6 26. Rdc1 f6 27. Nf3 e5 28. h3 Kf7 29. Kf1 Ke6 30. R3c2 Ba6 31. Ne1 f5 32. b4 cxb4 33. axb4 Rxc2 34. Rxc2 Bb5 35. Ra2 Nc6 36. Rb2 Ne7 37. g3 Nd5 38. Rb3 Rc8 39. g4 hxg4 40. hxg4 Rc1 41. gxf5+ gxf5 42. Rb2 Kd6 43. d4 Bxe2+ 44. Kxe2 exd4 45. exd4 Nf4+ 46. Ke3 Nd5+ 1/2-1/2

[Event "BL2-Nord 0809"]
[Site "Germany"]
[Date "2009.03.29"]
[Round "9.4"]
[White "Krause, Ullrich"]
[Black "Silber, Henning"]
[Result "1/2-1/2"]
[WhiteElo "2300"]
[BlackElo "2300"]
[PlyCount "38"]
[EventDate "2008.10.05"]
[EventType "team-tourn"]
[EventRounds "9"]
[EventCountry "GER"]
[SourceTitle "CBM 129 Extra"]
[Source "ChessBase"]
[SourceDate "2009.05.05"]
[SourceVersion "2"]
[SourceVersionDate "2009.05.20"]
[SourceQuality "1"]
[WhiteTeam "Luebeck II"]
[BlackTeam "Goettingen Tempo"]
[WhiteTeamCountry "GER"]
[BlackTeamCountry "GER"]

1. d4 d5 2. c4 e6 3. Nf3 c5 4. cxd5 exd5 5. g3 Nc6 6. Bg2 Nf6 7. 0-0 Be7 8. dxc5 Bxc5 9. Nc3 0-0 10. Na4 Be7 11. Be3 Re8 12. Rc1 Bg4 13. Nc5 Bxc5 14. Bxc5 Qd7 15. Re1 Rad8 16. Nd4 Ne4 17. Ba3 Ng5 18. f3 Bh3 19. Bh1 Bf5 1/2-1/2

[Event "Turku We TuTS"]
[Site "Turku"]
[Date "2009.??.??"]
[Round "5"]
[White "Silber, Henning"]
[Black "Pietinen, Pekka"]
[Result "1/2-1/2"]
[WhiteElo "2300"]
[BlackElo "2072"]
[PlyCount "25"]
[EventDate "2009.??.??"]
[EventType "swiss"]
[EventRounds "5"]
[EventCountry "FIN"]
[SourceTitle "EXT 2022"]
[Source "ChessBase"]
[SourceDate "2021.10.06"]
[SourceVersion "1"]
[SourceVersionDate "2021.10.06"]
[SourceQuality "1"]

1. e4 e5 2. Nf3 Nc6 3. d4 exd4 4. Nxd4 Nf6 5. Nc3 Bb4 6. Nxc6 bxc6 7. Bd3 d5 8. exd5 cxd5 9. 0-0 0-0 10. Bg5 c6 11. Ne2 Qd6 12. c3 Bc5 13. b4 1/2-1/2

[Event "Oberliga Sued W 0607"]
[Site "Germany"]
[Date "2007.03.18"]
[Round "8.4"]
[White "Mink, Jens"]
[Black "Silber, Henning"]
[Result "1/2-1/2"]
[WhiteElo "2149"]
[BlackElo "2248"]
[PlyCount "97"]
[EventDate "2006.10.15"]
[EventType "team-tourn"]
[EventRounds "9"]
[EventCountry "GER"]
[SourceTitle "EXT 2009"]
[Source "ChessBase"]
[SourceDate "2008.11.26"]
[SourceVersion "1"]
[SourceVersionDate "2008.11.26"]
[SourceQuality "1"]
[WhiteTeam "Ludwigshafen"]
[BlackTeam "Landau"]
[WhiteTeamCountry "GER"]
[BlackTeamCountry "GER"]

1. Nc3 Nf6 2. g4 Nxg4 3. e4 d5 4. Nxd5 e5 5. Qf3 Bc5 6. Ne3 Nxe3 7. dxe3 Nc6 8. Bd2 Be6 9. Bb5 0-0 10. 0-0-0 Qh4 11. Ne2 Bg4 12. Qg2 Bh3 13. Qg3 Qxg3 14. Nxg3 Ne7 15. Bc3 f6 16. Bd7 Bxd7 17. Rxd7 Bd6 18. Rd1 Kf7 19. Nf5 Ke8 20. R1xd6 Nxf5 21. Rd1 Nd6 22. Rxg7 Rf7 23. Rg8+ Rf8 24. Rxf8+ Kxf8 25. Bb4 Ke7 26. Bxd6+ cxd6 27. Rg1 Kf7 28. Kd2 Rc8 29. Kd3 Rc6 30. h4 h5 31. f4 b5 32. a3 a5 33. f5 Rc5 34. b4 Rc4 35. a4 Rxb4 36. axb5 Rxb5 37. Ra1 Ke7 38. c4 Rc5 39. Kc3 Kf7 40. Rb1 Rc7 41. Rb6 Ke7 42. Ra6 Rc5 43. Ra7+ Ke8 44. Rh7 Kf8 45. Rb7 Rc6 46. Rb5 Ra6 47. Kb3 Ke8 48. Ka4 Rc6 49. Kb3 1/2-1/2

[Event "Oberliga Sued W 0506"]
[Site "Germany"]
[Date "2006.03.12"]
[Round "8.3"]
[White "Mink, Jens"]
[Black "Silber, Henning"]
[Result "0-1"]
[WhiteElo "2044"]
[BlackElo "2248"]
[PlyCount "28"]
[EventDate "2005.10.23"]
[EventType "team-tourn"]
[EventRounds "9"]
[EventCountry "GER"]
[SourceTitle "EXT 2007"]
[Source "ChessBase"]
[SourceDate "2006.11.23"]
[SourceVersion "1"]
[SourceVersionDate "2006.11.23"]
[SourceQuality "1"]
[WhiteTeam "Ludwigshafen"]
[BlackTeam "Landau"]
[WhiteTeamCountry "GER"]
[BlackTeamCountry "GER"]

1. d4 f5 2. e4 fxe4 3. Nc3 Nf6 4. f3 d5 5. Bg5 Bf5 6. Qe2 Nc6 7. Bxf6 exf6 8. 0-0-0 Qd7 9. fxe4 dxe4 10. Qe3 Bb4 11. Nxe4 0-0-0 12. Ng3 Rhe8 13. Qf2 Nxd4 14. Be2 Qa4 0-1

[Event "Oberliga Sued W 0405"]
[Site "Germany"]
[Date "2005.04.10"]
[Round "9.1"]
[White "Silber, Henning"]
[Black "Polster, Wolfgang"]
[Result "1/2-1/2"]
[WhiteElo "2271"]
[BlackElo "2279"]
[PlyCount "37"]
[EventDate "2004.10.03"]
[EventType "team-tourn"]
[EventRounds "9"]
[EventCountry "GER"]
[SourceTitle "EXT 2009"]
[Source "ChessBase"]
[SourceDate "2008.11.26"]
[SourceVersion "1"]
[SourceVersionDate "2008.11.26"]
[SourceQuality "1"]
[WhiteTeam "Landau"]
[BlackTeam "Koblenz 25"]
[WhiteTeamCountry "GER"]
[BlackTeamCountry "GER"]

1. e4 e6 2. d4 d5 3. Nd2 Nf6 4. e5 Nfd7 5. Bd3 c5 6. c3 Nc6 7. Ne2 cxd4 8. cxd4 f6 9. exf6 Qxf6 10. 0-0 Bd6 11. Nf3 h6 12. Ng3 0-0 13. b3 e5 14. dxe5 Bxe5 15. Ba3 Bxa1 16. Bxf8 Kxf8 17. Qxa1 Qxa1 18. Rxa1 Nb4 19. Bg6 1/2-1/2

[Event "Oberliga Sued W 0304"]
[Site "Germany"]
[Date "2004.03.28"]
[Round "8.2"]
[White "Becking, Stephan"]
[Black "Silber, Henning"]
[Result "1-0"]
[WhiteElo "2321"]
[BlackElo "2305"]
[PlyCount "107"]
[EventDate "2003.10.12"]
[EventType "team"]
[EventRounds "9"]
[EventCountry "GER"]
[SourceTitle "EXT 2006"]
[Source "ChessBase"]
[SourceDate "2005.11.24"]
[SourceVersion "1"]
[SourceVersionDate "2005.11.24"]
[SourceQuality "1"]
[WhiteTeam "Illingen"]
[BlackTeam "Landau"]
[WhiteTeamCountry "GER"]
[BlackTeamCountry "GER"]

1. e4 Nf6 2. e5 Nd5 3. d4 d6 4. Nf3 Bg4 5. Be2 e6 6. 0-0 Be7 7. h3 Bh5 8. c4 Nb6 9. Nc3 0-0 10. exd6 cxd6 11. Bf4 a5 12. Rc1 d5 13. c5 Nc8 14. Qb3 Bxf3 15. Bxf3 Qd7 16. Rfd1 Nc6 17. a3 Bf6 18. Qa4 Rd8 19. Be2 N8e7 20. Nb5 Nf5 21. Be3 Nxe3 22. fxe3 Bg5 23. Qb3 a4 24. Qd3 e5 25. Rc3 e4 26. Qd2 f5 27. Rf1 Rf8 28. g3 Rf6 29. Nd6 Raf8 30. Bb5 Rg6 31. Kh2 Rh6 32. Qg2 Rff6 33. Bxa4 f4 34. exf4 Rxh3+ 35. Qxh3 Rh6 36. Qxh6 Bxh6 37. Bxc6 bxc6 38. f5 Bd2 39. Rb3 h5 40. Rb7 Qd8 41. f6 gxf6 42. Nf5 Kh8 43. Nd6 Kg8 44. Nf5 Kh8 45. Kg2 Qa8 46. Nd6 e3 47. Re7 Qa6 48. Nf7+ Kg7 49. Ne5+ Kg8 50. Rxf6 Qc8 51. Rg6+ Kh8 52. Nf7+ Kh7 53. Nd6+ Kxg6 54. Nxc8 1-0